000 00626nam a2200193Ia 4500
020 _a2853409473
040 _cLBD
082 _a636 INS 1987 A056 Or.
100 2 _aWintenberger-Torres, Suzanne
245 1 0 _aAtlas du developpement embryonnaire precoce chez les ovins =
_bAtlas of the early development of the sheep embryo, (Ovis aries) /
260 _aParis :
_bInstitut national de la recherche agronomique (INRA),
_c1987
300 _a51 p. :
_bill. ;
_c28 cm
500 _aIn French and English
650 0 _aVeterinary embryology
650 0 _aSheep
650 0 _aSheep
700 1 0 _aSevellec, Claude
942 _cEK
999 _c15851
_d15851